02357nab a22003137a 4500999001500000003000400015005001700019008004100036040000700077100003400084245013000118260007300248300001300321500004400334505109600378505009001474650003001564650003101594650003601625650003101661650002401692650003501716650003101751650004901782650002501831650002701856773014701883942001302030 c5404d5404OSt20250311133436.0190604e xxu||||| |||| 00| 0 spa d cPJ 96346aMoltrassio, Sebastián10aLey de Bases y capítulo laboral : botra reforma regresiva. Alternativas al empleo sin registrar /cSebastián Moltrassio. aCiudad Autónoma de Buenos Aires :bThomson Reuters La Ley, c2024. ap. 37-74 aCita Online: TR LALEY AR/DOC/1951/2024. aSumario: I. Introducción. El gobierno actual va en sentido contrario al mundo.— II. Análisis del contexto laboral argentino.— III. Texto de la ley 27.742. Capítulo laboral. Principales modificaciones.— IV. Opiniones y críticas a la ley en el capítulo laboral.— V. Breve historia constitucional. El Constitucionalismo social.— VI. Normas constitucionales, de derechos humanos de rango constitucional nacional y provincial y normas de OIT. Colisión con la reforma laboral.— VII. La progresividad de las leyes en la Constitución Nacional.— VIII. El principio de progresividad en los tratados internacionales de Derechos Humanos con rango constitucional.— IX. Convenios de OIT.— X. El principio de progresividad según la Corte Suprema de Justicia.— XI. Violación al principio de progresividad de las leyes.— XII. Análisis de los artículos con la LCT, DNU 70/2023 y ley 27.742.— XIII. Fondo de cese laboral.— XIV. La incorporación del Trabajador Independiente.— XV. La eliminación de las multas por empleo sin registrar.— XVI. Conclusiones. t¿Te interesa el texto completo? Solicitalo al correo: koha@justierradelfuego.gov.ar  091323aCONTRATO DE TRABAJO 091803aRELACIONES LABORALES 094428aRELACIÓN DE DEPENDENCIA 09766aCONSTITUCION NACIONAL 091382aINDEMNIZACION 091497aCODIGO CIVIL Y COMERCIAL 094429aEMPLEO NO REGISTRADO 094925aORGANIZACION INTERNACIONAL DEL TRABAJO 091576aDISCRIMINACION 09234aDERECHO COMPARADO0 0271493171dCiudad Autónoma de Buenos Aires : Thomson Reuters La Ley, 2014-tRevista anales de legislación argentina. Nº 8 - Agosto 2024. 2udccANA